| 000 | 00634nam a2200193 a 4500 | ||
|---|---|---|---|
| 005 | 20250527063805.0 | ||
| 008 | 140520s2004 mx r 000 0 spa d | ||
| 020 | _a1405434279 | ||
| 035 | _aUPN01000197331 | ||
| 049 | _aI | ||
| 050 | 4 |
_aPZ74.3 _bT4.7 |
|
| 245 | 0 | 3 |
_aUn tesoro para los tres años : _buna recopilación de historias, cuentos y canciones / _ctr. Teresa Blanch i Gasol ; il. de Bill Bolton. |
| 260 |
_aBarcelona, [Esp.] : _bParragon, _cc2004. |
||
| 300 |
_a93 p. : _bil. col. |
||
| 650 | 4 |
_aRimas infantiles _910247 |
|
| 650 | 4 |
_aCuentos infantiles _96744 |
|
| 650 | 2 |
_aCanciones infantiles _95682 |
|
| 905 | _aInfantil | ||
| 999 |
_c169432 _d169432 |
||